|
|
|
|
| LEADER |
01061nam a2200277 a 4500 |
| 001 |
c000170754 |
| 003 |
CARM |
| 005 |
19950831000000.0 |
| 008 |
840507s1982 gr a b 000 0 eng d |
| 019 |
1 |
|
|a 2311950
|z 57696252
|5 LACONCORD2021
|
| 035 |
|
|
|a (OCoLC)8937388
|5 LACONCORD2021
|
| 040 |
|
|
|a NUN
|b eng
|c NUN
|d VMOU
|
| 041 |
0 |
|
|a engfregerita
|
| 082 |
1 |
4 |
|a 552
|2 19
|
| 245 |
0 |
0 |
|a Transformists' petrology /
|c edited by F.K. Drescher-Kaden and S.S. Augustithis.
|
| 260 |
|
|
|a Athens :
|b Theophrastus Publications,
|c 1982.
|
| 300 |
|
|
|a 305 p. :
|b ill. ;
|c 25 cm.
|
| 500 |
|
|
|a Articles in English, French, German or Italian.
|
| 504 |
|
|
|a Includes bibliographical references.
|
| 650 |
|
0 |
|a Petrology.
|
| 650 |
|
0 |
|a Rocks, Igneous.
|
| 700 |
1 |
|
|a Augustithis, S. S.
|
| 700 |
1 |
|
|a Drescher-Kaden, F. K.
|q (Friedrich Karl),
|d 1894-
|
| 852 |
8 |
|
|b CARM
|h A2:AN36F0
|i C06144
|p 0227556
|f BK
|
| 999 |
f |
f |
|i 432da4f3-950f-5a5b-8dab-22ac5f0ac8fa
|s a88a3775-9834-5457-ab56-5abbc9709165
|
| 952 |
f |
f |
|p Can circulate
|a CAVAL
|b CAVAL
|c CAVAL
|d CARM 1 Store
|e C06144
|f A2:AN36F0
|h Other scheme
|i book
|m 0227556
|